Resurrection and the Hereafter (Record no. 19321)

MARC details
000 -LEADER
fixed length control field 00609nam a2200229 a 4500
020 ## - INTERNATIONAL STANDARD BOOK NUMBER
ISBN 0933552092
082 00 - DEWEY DECIMAL CLASSIFICATION NUMBER
Classification number 232.4
Author Cutter NUR
100 ## - MAIN ENTRY--AUTHOR NAME
Author name Nursi, Bediuzzaman
245 ## - TITLE STATEMENT
Title Resurrection and the Hereafter
Sub title A Decisive Proof of Their Reality
260 ## - PUBLICATION, DISTRIBUTION, ETC. (IMPRINT)
Place of publication U.S.A.
Name of publisher Golden Horn Press
Year of publication 1980
300 ## - PHYSICAL DESCRIPTION
Number of Pages 187p
500 ## - GENERAL NOTE
General note includes index and biblioraphy
650 ## - SUBJECT ADDED ENTRY--TOPICAL TERM
Topical Term Resurrection
942 ## - ADDED ENTRY ELEMENTS (KOHA)
Koha item type Books
700 1# -
-- Nursi, Bediuzzaman
Holdings
Collection code Home library Current library Date acquired Cost, normal purchase price Full call number Accession Number Koha item type
  Henry Martyn Institute Library Henry Martyn Institute Library 02/05/2010 100.00 232.4 NUR 11002103 Books
                   Copyright © 2026 | Henry Martyn Institute | Hyderabad | TS-500052 | INDIA | Implemented by hmi.edu.in
Hit-Count:

Powered by Koha